Европейский эпос античности и средних веков: для среднего и старшего школьного возраста; перевод; Илиада; Одиссея; Энеида; Песнь о Роланде; Божественная комедия

Bibliografiske detaljer
Andre forfattere: Нахов И. М. (составитель)
Sprog:russisk
Udgivet: Москва, Детская литература, 1989
TOC:Илиада;
Гомер, Одиссея;
Вергилий Марон Публий, Энеида;
Песнь о Роланде;
А. Данте, Божественная комедия;
Serier:Библиотека мировой литературы для детей
Fag:
Format: MixedMaterials Bog
KOHA link:https://koha.lib.tpu.ru/cgi-bin/koha/opac-detail.pl?biblionumber=168630

MARC

LEADER 00000nam0a2200000 4500
001 168630
005 20231031163148.0
010 |a 5080012005 
020 |a RU  |b 89-20169 
035 |a (RuTPU)RU\TPU\book\182946 
090 |a 168630 
100 |a 20091029d1989 de y0rusy5003 ca 
101 2 |a rus  |c grc  |c lat  |c fre  |c ita 
102 |a RU 
105 |a a z 001ay 
200 1 |a Европейский эпос античности и средних веков  |e для среднего и старшего школьного возраста  |e перевод  |f сост., авт. предисл. и коммент. И. М. Нахов 
210 |a Москва  |c Детская литература  |d 1989 
215 |a 733,[2] с., [9] л. цв. ил.  |c ил.  |d 22 см 
225 1 |a Библиотека мировой литературы для детей 
320 |a Библиогр. в примеч.: с. 697-734 
464 |t Илиада 
464 |t Одиссея  |o эпические поэмы  |o пер. с древнегреч.  |f Гомер 
464 |t Энеида  |o эпическая поэма  |o пер. с латин.  |f Вергилий Марон Публий 
464 |t Песнь о Роланде  |o героический эпос  |o пер. со старофранц. 
464 |t Божественная комедия  |o эпическая поэма  |o пер. с итал.  |f А. Данте  |a Данте, Алигьери 
610 1 |a детская литература 
610 1 |a античная литература 
610 1 |a эпос 
610 1 |a поэмы 
675 |a 87  |z rus 
702 1 |a Нахов  |b И. М.  |4 220 
801 0 |a RU  |b RuMRKP  |c 19950417  |g psbo 
801 1 |a RU  |b 63413507  |c 20091029 
801 2 |a RU  |b 63413507  |c 20121004  |g RCR 
942 |c BK